Foundations findings : opening the door - the role of social partners in fostering social inclusion /

Uloženo v:
Podrobná bibliografie
Korporativní autor: European Foundation for the Improvement of Living and Working Conditions (Dublin, Ireland) (Původce)
Médium: Kniha
Jazyk:angličtina
Vydáno: Dublin : [vl. n.] 2010
Vydání:[1st ed.]
Témata:
ISBN:9789289708661
ISSN:1830-8805
On-line přístup: Získat plný text
Tagy: Přidat tag
Žádné tagy, Buďte první, kdo vytvoří štítek k tomuto záznamu!

MARC

LEADER 00000nam a2200000 4500
003 SK-BrCVT
005 20220617222809.0
008 100504s2010 ie e ||||||eng d
020 |a 9789289708661 
022 |a 1830-8805 
035 |a CVTIDW0000160 
040 |b slo  |a CVTI SR  |e AACR2 
041 0 |a eng 
044 |a ie 
080 |a 364  |2 UDC-MRF 
080 |a 331.5  |2 UDC-MRF 
110 1 |a European Foundation for the Improvement of Living and Working Conditions (Dublin, Ireland)  |4 org 
245 1 0 |a Foundations findings :  |b opening the door - the role of social partners in fostering social inclusion /  |c European Foundation for the Improvement of Living and Working Conditions 
250 |a [1st ed.] 
260 |c 2010  |a Dublin :  |b [vl. n.] 
300 |a 18 s. :  |b fotogr., grafy, lit. ; 
653 1 |a sociálne začlenenie 
653 1 |a sociálny partner 
653 1 |a sociálne zabezpečenie 
653 1 |a zamestnanosť 
653 1 |a pracovné podmienky 
653 1 |a životné podmienky 
910 |a BA002  |b DK02498 
919 |a 978-92-897-0866-1 
959 |a TS0500 
959 |a TS0400 
974 |a gabriela.miklankova  |f Knihy 
992 |a APH 
999 |c 152532  |d 152532